| 000 | 00524nam a2200157 4500 | ||
|---|---|---|---|
| 001 | 138822 | ||
| 003 | ES-MaACL | ||
| 005 | 20230906195638.0 | ||
| 007 | t| | ||
| 008 | 070214s1959 ne r ||||1| fre d | ||
| 100 | 1 |
_aSimes, Joao Miguel dos Santos. _9106470 |
|
| 245 | 1 | 0 |
_aCarreaux céramiques holandais au Portugal et en Espagne / _cpar J.M. dos Santos Simoes. |
| 260 |
_aLa Haya : _bMartinus Nijhoff, _c1959. |
||
| 300 |
_a4 h., 142 p., 1 h., XXXIX, 2 lám. ; _c31 cm + _e1 map. |
||
| 852 |
_aES-MaACL _jC-26825 _bR.55893 |
||
| 999 |
_c138822 _d138822 |
||